zpět

Detail výsledku týmu

Písecká pivnice ÚT, Písek

Datum a čas kvízu

30 Celkem bodů Celkový počet nahraných bodů na tomto kvízu bez doplňovacích otázek.
6. Pořadí na kvízu Konečné umístění týmu na tomto kvízu.

Zaznamenané odpovědi

# Otázka Odpověď Body Výsledky
1. V úterý vydalo jedno politické... SPD; Plzeňský Prazdroj (Pilsner Urquell) 0.5
2. 64letý exprezident jedné země,... o Jižní Koreji (Korejské republice) 0
3. Ve středu překvapila přihlíže... Paranoid; Ozzy Osbourne 0.5
4. Minulý týden ohlásila jedna če... Benu 1
5. Minulý týden se v Singapuru ko... o plavání (plaveckých sportech) 0
6. V tématu se zaměříme na nejrůz... tamagoči / tamagotchi 1
7. Stánků s langoši bylo v devade... Starej fotr 1
8. Instantní fotoaparáty se nejvě... Polaroid, Instax 1
9. Nejdříve trendy doplněk, pozdě... Kendall Jenner 1
10. Gramofonovým deskám leckdo pře... long play 1